<?xml version="1.0" encoding="UTF-8"?><?xml-stylesheet type="text/xsl" href="static/style.xsl"?><OAI-PMH xmlns="http://www.openarchives.org/OAI/2.0/" xmlns:xsi="http://www.w3.org/2001/XMLSchema-instance" xsi:schemaLocation="http://www.openarchives.org/OAI/2.0/ http://www.openarchives.org/OAI/2.0/OAI-PMH.xsd"><responseDate>2026-04-13T02:53:47Z</responseDate><request verb="GetRecord" identifier="oai:www.recercat.cat:2117/413865" metadataPrefix="marc">https://recercat.cat/oai/request</request><GetRecord><record><header><identifier>oai:recercat.cat:2117/413865</identifier><datestamp>2025-07-22T18:54:17Z</datestamp><setSpec>com_2072_1033</setSpec><setSpec>col_2072_452951</setSpec></header><metadata><record xmlns="http://www.loc.gov/MARC21/slim" xmlns:dcterms="http://purl.org/dc/terms/" xmlns:xsi="http://www.w3.org/2001/XMLSchema-instance" xmlns:doc="http://www.lyncode.com/xoai" xsi:schemaLocation="http://www.loc.gov/MARC21/slim http://www.loc.gov/standards/marcxml/schema/MARC21slim.xsd">
   <leader>00925njm 22002777a 4500</leader>
   <datafield ind2=" " ind1=" " tag="042">
      <subfield code="a">dc</subfield>
   </datafield>
   <datafield ind2=" " ind1=" " tag="720">
      <subfield code="a">Ayza Gil, Núria</subfield>
      <subfield code="e">author</subfield>
   </datafield>
   <datafield ind2=" " ind1=" " tag="260">
      <subfield code="c">2024-07-11</subfield>
   </datafield>
   <datafield ind2=" " ind1=" " tag="520">
      <subfield code="a">En la actualidad, la industria textil se sostiene sobre un modelo de negocio lineal que apela al consumismo y por ende produce una gran cantidad de residuos textiles, por lo que se considera una de las más contaminantes del planeta. Si bien existen diversos métodos de reciclaje textil, este proyecto se enfoca en optimizar y mejorar el proceso de reciclaje mecánico. El objetivo es diseñar y fabricar un prototipo de separador ciclónico para la clasificación de las fibras procedentes de la ropa posconsumo tras pasar por los procesos de triturado y desfibrado, lo que permitiría mejorar la eficiencia del reciclaje y la calidad de los hilos y las telas. Este trabajo parte de un estudio previo realizado en un Trabajo de Fin de Grado, donde se evaluaron los resultados del diseño de un separador ciclónico destinado a la clasificación de fibras textiles procedentes del reciclaje mecánico [1]. El ciclo de vida de este proyecto empieza con el estudio de la teoría de los separadores ciclónicos, seguido del rediseño del prototipo original. A continuación, se desarrolla el diseño 3D y la elaboración de los planos mecánicos para su posterior fabricación. Paralelamente, se realiza una búsqueda de proveedores, solicitando ofertas y comparándolas para comprar el material al precio más competitivo. Con la recepción de los componentes se da inicio al proceso de fabricación y construcción del prototipo, abordando los contratiempos y realizando las mejoras necesarias. Finalmente, con el prototipo en funcionamiento, se llevan a cabo una serie de pruebas para verificar los datos calculados teóricamente y analizar el comportamiento de las fibras. El principal resultado de este proyecto es la obtención de un equipo completamente funcional, modular, fácil de transportar y de utilizar, con un diseño eléctrico y mecánico que garantiza la seguridad del usuario</subfield>
   </datafield>
   <datafield tag="653" ind2=" " ind1=" ">
      <subfield code="a">Àrees temàtiques de la UPC::Enginyeria tèxtil::Indústria tèxtil</subfield>
   </datafield>
   <datafield tag="653" ind2=" " ind1=" ">
      <subfield code="a">Textile fibers</subfield>
   </datafield>
   <datafield tag="653" ind2=" " ind1=" ">
      <subfield code="a">Textile industry</subfield>
   </datafield>
   <datafield tag="653" ind2=" " ind1=" ">
      <subfield code="a">Textile fibers -- Recycling</subfield>
   </datafield>
   <datafield tag="653" ind2=" " ind1=" ">
      <subfield code="a">Separators (Machines)</subfield>
   </datafield>
   <datafield tag="653" ind2=" " ind1=" ">
      <subfield code="a">Separador ciclónico</subfield>
   </datafield>
   <datafield tag="653" ind2=" " ind1=" ">
      <subfield code="a">Gas transportador</subfield>
   </datafield>
   <datafield tag="653" ind2=" " ind1=" ">
      <subfield code="a">Fibras</subfield>
   </datafield>
   <datafield tag="653" ind2=" " ind1=" ">
      <subfield code="a">Reciclaje mecánico</subfield>
   </datafield>
   <datafield tag="653" ind2=" " ind1=" ">
      <subfield code="a">Fibres tèxtils</subfield>
   </datafield>
   <datafield tag="653" ind2=" " ind1=" ">
      <subfield code="a">Indústria tèxtil</subfield>
   </datafield>
   <datafield tag="653" ind2=" " ind1=" ">
      <subfield code="a">Fibres tèxtils -- Reciclatge</subfield>
   </datafield>
   <datafield tag="653" ind2=" " ind1=" ">
      <subfield code="a">Separadors (Màquines)</subfield>
   </datafield>
   <datafield ind2="0" ind1="0" tag="245">
      <subfield code="a">Diseño y construcción de un prototipo de ciclón para la separación de materiales textiles reciclados a través del proceso de desfibrado</subfield>
   </datafield>
</record></metadata></record></GetRecord></OAI-PMH>